| 000 | 00698nam a2200217Ia 4500 | ||
|---|---|---|---|
| 001 | 21619 | ||
| 003 | GE_BSU | ||
| 008 | 181216s||||||||xx |||||||||||||| ||und|| | ||
| 040 | _cGE_BSU | ||
| 080 | _awww.agro-technika.ru | ||
| 245 | _aАгротехника и технологии. 4(62)июль-август 2017 | ||
| 245 | _bСтрасти по конопле | ||
| 245 | _cГл. ред. Мария Лушникова | ||
| 260 | _aМосква | ||
| 260 | _c2017 | ||
| 300 | _a58стр,илл,27см | ||
| 653 | _aАгротехника и технологии.4(62) июль-август 2017 | ||
| 653 | _aПериодика | ||
| 653 | _aპერიოდიკა | ||
| 942 | _cCR | ||
| 999 |
_c54554 _d54554 |
||